000
00305nam a22001337a 4500
008
171031b xxu||||| |||| 00| 0 eng d
020
_a
0134880722
041
_a
eng
080
_2
8 ED
_a
33
100
_a
58
101
_a
BUS
245
_a
INTRODUCTION MODERN BUSINESS
_c
VERNON.A.M
942
_2
udc
_c
BK
999
_c
36679
_d
36679